Statistiques concernant Les plus gros transferts de l'histoire de Lille

Cliquez ici pour prendre le quiz!

Statistiques générales

  • Ce quiz a été pris 43 fois
  • Le résultat moyen est 11 sur 25

Statistiques - réponses

Joueurs Prix en M€ Club acheteur % Correct
Eden Hazard35Chelsea
95%
Nicolas Pepe80Arsenal
95%
Thiago Mendes22Lyon
78%
Abdul Kader Keita16,8Lyon
68%
Michel Bastos18Lyon
63%
Rafael Leao25Milan AC
59%
Youssouf Koné9Lyon
56%
Moussa Sow10Fenerbahce
56%
Lucas Digne15Paris
51%
Florian Thauvin12Marseille
44%
Sofiane Boufal18,7Southampton
44%
Djibril Sidibe15Monaco
44%
Fodé Ballo Touré11Monaco
41%
Gervinho12Arsenal
41%
Divock Origi12,63Liverpool
39%
Dimitri Payet8,7Marseille
37%
Jean II Makoun14Lyon
37%
Kevin Malcuit12Naples
29%
Anwar El Ghazi9Aston Villa
29%
Idrissa Gueye9Aston Villa
27%
Ibrahim Amadou14,4Seville
20%
Yves Bissouma16,9Brighton
20%
Adama Traoré14Monaco
17%
Martin Terrier11Lyon
15%
Peter Odemwingie10Lokomotiv Moscou
7%

Distribution des résultats

Percentile par nombre de réponses

% des personnes avec chaque résultat

Votre développement - résultats

Vous n’avez pas pris ce quiz